Ports 2007 : 30 Years of Sharing Ideas: 1977-2007 /

Bibliographic Details
Other Authors: Watson, Wade
Format: eBook
Published: Reston, VA : American Society of Civil Engineers, 2007.
Subjects:
Online Access:Connect to the full text of this electronic book

MARC

Tag First Indicator Second Indicator Subfields
LEADER 00000cam a22000005u 4500
001 in00002787051
005 20190331170710.0
006 m o d
007 cr nn 008mam|a
008 070322t2007 gw fo || 0 0 |||||
020 |a 9780784408346 
035 |a (American Society of Civil Eng)10.1061/9780784408346 
040 |d UtOrBLW 
245 0 0 |a Ports 2007 :  |b 30 Years of Sharing Ideas: 1977-2007 /  |c Edited by Wade Watson. 
264 1 |a Reston, VA :  |b American Society of Civil Engineers,  |c 2007. 
300 |a 1 online resource. 
336 |a text  |b txt  |2 rdacontent 
337 |a computer  |b c  |2 rdamedia 
338 |a online resource  |b cr  |2 rdacarrier 
500 |a Electronic resource. 
653 |a Proceedings  |a Coasts, Oceans, Ports, and Rivers Institute (COPRI)  |a Ports and harbors  |a Waterways  |a Available in Print 
655 7 |a Electronic books.  |2 local 
700 1 |a Watson, Wade. 
730 0 |a ASCE Library. 
856 4 0 |u http://proxy.library.tamu.edu/login?url=http://ascelibrary.org/action/showBook?doi=10.1061%2F9780784408346  |z Connect to the full text of this electronic book  |t 0 
999 |a MARS 
999 f f |s dce27621-1897-3cae-b3c2-1273c454f359  |i cb792302-4276-3767-95a9-ea71140fd3ec  |t 0 
952 f f |a Texas A&M University  |b College Station  |c Electronic Resources  |d Available Online  |t 0  |h No information provided 
998 f f |t 0  |l Available Online